| 000 | 00731nam a2200217Ii 4500 | ||
|---|---|---|---|
| 003 | JO-AjNU | ||
| 008 | 230606s9999||||xx |||||||||||||| ||und|| | ||
| 020 | _a978-1-284-22073-5 | ||
| 040 |
_aJO-AjNU _beng _erda _cJO-AjNU |
||
| 041 | _aeng | ||
| 050 | 1 | 4 | _aQA76.9.A25.K536 2023 |
| 100 | 3 |
_aKim,David,Michael G. Solomon, _eauthor _96498 |
|
| 245 | 0 | 0 | _aFundamentals of Information Systems Security |
| 250 | _a4ed | ||
| 264 | 3 | 1 | _aUSA:NAVIGATE ebook,2023 |
| 300 | _a550p | ||
| 336 |
_atext _btxt _2rdacontent |
||
| 337 |
_aunmediated _bn _2rdamedia |
||
| 338 |
_avolume _bnc _2rdacarrier |
||
| 650 | 4 |
_aLCSH: Computer security -Computer networks-Security measures-Information storage and retrieval system -Security measures _96499 |
|
| 999 |
_aE3373 _c3369 _d3369 |
||